Loading...
Marketing research: An applied orientation
| Main Author: | |
|---|---|
| Format: | Printed Book |
| Published: |
Pearson Education (Singapore) Pte. Ltd., Delhi
2004
|
| Edition: | 4 edition |
| Subjects: |
| LEADER | 00558nam a2200193 4500 | ||
|---|---|---|---|
| 020 | |||
| 082 | |a 658.83 MAL | ||
| 100 | |a Malhotra, Naresh K | ||
| 245 | |a Marketing research: An applied orientation |c Malhotra, Naresh K | ||
| 250 | |a 4 edition | ||
| 260 | |a Pearson Education (Singapore) Pte. Ltd., Delhi |c 2004 | ||
| 300 | |a 713+121 p | ||
| 490 | |||
| 500 | |||
| 590 | |||
| 650 | |a Marketing research | ||
| 942 | |c BK | ||
| 999 | |c 137883 |d 137883 | ||
| 952 | |0 0 |1 0 |4 0 |6 658_830000000000000_MAL |7 0 |9 151343 |a IMK |b IMK |l 0 |o 658.83 MAL |p IMK04889 |r 2019-10-25 |w 2019-10-25 |y BK | ||